000 01024nam a22002297a 4500
001 EIF-X-2019-M4-004
003 OSt
005 20221230113129.0
008 221230b |||||||| |||| 00| 0 eng d
040 _aFundación Jesús Pereda
_cFundación Jesús Pereda
041 _aCastellano
100 _uUniversidad de Málaga
_aPellejero Martínez, Carmelo
_91061
111 _aEncuentro de Investigadores del Franquismo
_c(Valencia.
_d2019.
_n10º)
_9102
245 _aLa política turística en la España autárquica:
_bla Dirección General de Turismo,
_f1939-1951
_c/Carmelo Pellejero Martínez y Marta Luque Aranda
610 0 _91062
_aDirección General de Turismo (DGT)
650 0 _91010
_aTurismo
650 0 _9250
_aEstrategia política
700 _uUniversidad de Málaga
_aLuque Aranda, Marta
_91063
773 _tActas del X Encuentro de Investigadores del Franquismo
_g501-516 p.
856 _uhttps://bibliotecaccoocyl.fundacionjesuspereda.es/cgi-bin/koha/opac-retrieve-file.pl?id=468c474268caf8dfb77f2d5fca8588aa
942 _2ddc
_cCF
_n0
999 _c632
_d632